|
|
แสดงรายละเอียดบรรณานุกรม |
|
|
Brief Record
: Get Marc (ISO 2709)
: E-mail record
: |
| LEADER 00000nama 2200000uu 4500 | |||
| 008 040531s2548 th m m a000 0 tha d | |||
| 041 tha | |||
| 050 วจ WY160 ว121ค | |||
| 100 วชิระบูลย์ อินสว่าง | |||
| 245 ความเครียดของนักศึกษาพยาบาลวิทยาลัยพยาบาลบรมราชชนนี สุราษฎร์ธานี | |||
| 246 ความเครียดของนักศึกษาพยาบาล | |||
| 260 สุราษฎร์ธานี วพบ. 2548 | |||
| 300 75 หน้า | |||
| 650 นักศึกษาพยาบาล - ความเครียด | |||
| 995 400 | |||
| คุณยังไม่ได้ล็อกอิน คุณสามารถมีกิจกรรมร่วมกับเว็บไซต์ได้ แต่ต้องล็อกอินก่อน :: |
|
| สถานะ | |||||||||
| 1. | หนังสือทั่วไป | วจ WY160 ว121ค 2548 | On Shelf ขอยืม | ||||||
| [แสดง 1/1 รายการ] | |||||||||
BibComment |
| คอมเมนท์ทรัพยากรรายการนี้ |
|
|